[Event "Offerspill Invitational 2020"]
[Site "Oslo"]
[Date "2020.06.10"]
[Round "1.1"]
[White "Ranaldi, Lucas"]
[Black "Tari, Aryan"]
[Result "0-1"]
[WhiteElo "2353"]
[BlackElo "2634"]
[Annotator "TA"]
[PlyCount "54"]
[EventDate "2020.06.10"]
[EventType "swiss"]
[EventCountry "NOR"]
[SourceTitle "playchess.com"]
[Source "ChessBase"]
[SourceQuality "1"]

{[%evp 16,53,9,0,33,25,27,27,29,28,29,24,29,23,37,21,39,43,41,41,39,39,33,0,0,0,0,-62,-66,-57,-58,-29993,-29994,-29994,-29995,-29997,-29998,-29998,-29999,-29999]} 1. c4 g6 2. Nf3 Bg7 3. e4 e5 4. d4 exd4 5. Nxd4 Nf6 6. Nc3 O-O 7. Be2 Re8 8. f3 c6 9. Bg5 h6 {A10: English Opening: Unusual Replies for Black.} 10. Bh4 d5 11. cxd5 cxd5 {White has an edge.} 12. Nxd5 g5 13. Nxf6+ Bxf6 14. Bf2 Qa5+ 15. Kf1 {[#]} Rd8 $146 {[#] White must now prevent ...Nc6.} ({Predecessor:} 15... Nc6 16. Nxc6 bxc6 17. Qe1 Qxe1+ 18. Rxe1 Bxb2 19. Bc4 Be6 20. Bxe6 Rxe6 21. Re2 Be5 {½-½ (36) Floren,D-Irmer,F DESC email 2011}) 16. Qc2 Nc6 17. Nxc6 bxc6 18. Be1 Qb6 19. Bc3 Bxc3 20. Qxc3 Ba6 21. Bxa6 ({Better is} 21. h4 $11) 21... Qxa6+ $15 22. Kf2 Rd3 $1 {[%cal Rd3c3][%mdl 1024] Black has compensation.} 23. Qf6 $2 {[%mdl 8192] White does not recover from this.} (23. Qe5 $15) 23... Rd2+ {Black mates.} 24. Kg3 {[#]} Qe2 $1 {[%csl Gd2][%cal Re2g2][%mdl 512]} 25. Rag1 Qf2+ 26. Kg4 Qh4+ 27. Kf5 Qf4# {Accuracy: White = 61%, Black = 93%.} 0-1

[Event "Offerspill Invitational 2020"]
[Site "Oslo"]
[Date "2020.06.10"]
[Round "1.2"]
[White "Urkedal, Frode Olav Olsen"]
[Black "Vestby-Ellingsen, Mads"]
[Result "1-0"]
[WhiteElo "2557"]
[BlackElo "2351"]
[Annotator "TA"]
[PlyCount "89"]
[EventDate "2020.06.10"]
[EventType "swiss"]
[EventCountry "NOR"]
[SourceTitle "playchess.com"]
[Source "ChessBase"]
[SourceQuality "1"]

{[%evp 12,89,22,21,8,18,12,28,31,10,14,0,19,10,22,10,12,7,15,4,18,14,8,11,32,16,14,8,22,0,62,43,75,29,29,26,41,35,52,54,53,53,62,33,26,24,21,18,18,14,54,53,48,33,50,50,50,50,50,50,50,50,211,211,520,515,587,587,664,664,633,593,940,912,29976,7132,29983,29984,29998,29999]} 1. d4 Nf6 2. c4 e6 3. Nf3 d5 4. Nc3 Bb4 5. cxd5 exd5 6. Bg5 O-O 7. e3 h6 {D38: Queen's Gambit Declined: Ragozin Defence (4 Nf3 Bb4).} 8. Bh4 Bf5 9. Qb3 Bxc3+ {White has an edge.} 10. Qxc3 {now supersedes 10.bxc3.} Nbd7 11. Nd2 c6 12. Be2 Ne4 13. Bxd8 Nxc3 14. bxc3 {[#] Hoping for Bh4.} Rfxd8 15. g4 {[#]} Be6 $146 ({Predecessor:} 15... Bh7 16. a4 Rac8 17. h4 c5 18. Bf3 Nf6 19. g5 Ne8 20. a5 b5 21. axb6 axb6 {½-½ (27) Stein,K (2521)-Dunlop,G (2535) ICCF email 2018}) 16. a4 Rac8 17. a5 c5 18. h3 f5 19. Rg1 Nf6 20. Nb3 {Threatens to win with g5.} cxd4 (20... b6 $1 $11) 21. cxd4 $14 fxg4 22. Nc5 (22. hxg4 {with more complications.} b6 23. Nc1 Ne4 24. f3 Ng5 25. Kd2) 22... Rxc5 23. dxc5 gxh3 24. a6 Rd7 25. f3 bxa6 26. Rxa6 Kf7 $1 27. Kf2 {[%mdl 1024] White has compensation.} Rc7 28. Ra5 g5 29. Rga1 Nd7 30. Kg3 Kf6 31. Bf1 $1 Nxc5 32. Rxa7 Rc6 33. Bxh3 Bxh3 34. Kxh3 {[%mdl 4096] [#] Endgame Strongly threatening Rc1. KRR-KRN} Ne6 35. R7a6 Rc3 36. R1a3 Rc1 $2 {A mistake that costs the game.} (36... Rc2 $14) 37. Rb6 $18 {Black must now prevent Raa6.} Re1 $2 (37... Kf5 38. Ra5 g4+ 39. fxg4+ Ke5) 38. Kg2 Ke5 39. Ra8 Nc5 40. Re8+ Kf5 41. Rxh6 d4 42. Rd6 d3 43. Kf2 (43. Kg3 $142 Rg1+ 44. Kf2 Rc1 45. e4+ Nxe4+ 46. Rxe4 Rc5 47. Red4 Ra5 48. R6d5+ Rxd5 49. Rxd5+ Kf4 50. Rxd3) 43... Re2+ 44. Kg3 g4 45. fxg4+ {Accuracy: White = 94%, Black = 61%.} 1-0

[Event "Offerspill Invitational 2020"]
[Site "Oslo"]
[Date "2020.06.10"]
[Round "1.3"]
[White "Risting, Eivind Olav"]
[Black "Notkevich, Benjamin Arvola"]
[Result "0-1"]
[WhiteElo "2300"]
[BlackElo "2476"]
[Annotator "TA"]
[PlyCount "96"]
[EventDate "2020.06.10"]
[EventType "swiss"]
[EventCountry "NOR"]
[SourceTitle "playchess.com"]
[Source "ChessBase"]
[SourceQuality "1"]

{[%evp 25,96,11,31,0,0,0,2,0,0,1,15,0,0,0,0,0,10,-80,-62,-65,-77,-69,-62,-144,-44,-38,-34,-56,-45,-131,-102,-111,-114,-108,-78,-111,-53,-180,-175,-164,-177,-175,-129,-130,-140,-135,-125,-116,-116,-94,-93,-115,-81,-162,-155,-162,-163,-1240,-1313,-1302,-1233,-1226,-1125,-6079,-5177,-29950,-29950,-29954,-29949,-29950,-29945,-29968,-29970]} 1. d4 Nf6 2. c4 e6 3. Nc3 d5 4. cxd5 Nxd5 5. e4 Nxc3 6. bxc3 c5 7. Nf3 cxd4 8. cxd4 Bb4+ 9. Bd2 Bxd2+ 10. Qxd2 O-O 11. Bc4 b6 12. O-O Nd7 13. Rfe1 Bb7 14. Bb3 {D41: Queen's Gambit Declined: Semi-Tarrasch with 5 cxd5.} Rc8 15. Rad1 Re8 16. h3 {The position is equal.} Nf6 17. Qf4 Qc7 18. Qh4 h6 19. Re3 {[#]} Qe7 $146 ({Predecessor:} 19... b5 20. Ne5 a5 21. a4 bxa4 22. Bxa4 Red8 23. f3 Ba8 24. Qf2 Rb8 25. Re2 Rb4 {½-½ (49) Epishin,V (2574)-Del Rio de Angelis,S (2489) Calvia 2005}) 20. Qf4 b5 21. g4 {[#]} (21. d5 $11) 21... a5 $1 $36 {[%cal Ra5a4][%mdl 2048] ...a4 is the strong threat. Black has the initiative.} 22. a4 bxa4 23. Bxa4 Red8 24. Bb5 (24. Rde1 $15) 24... Qc7 (24... g5 $17 25. Nxg5 e5) 25. Qxc7 $1 $15 Rxc7 26. Bd3 a4 27. Bb1 (27. Ra1 $15) 27... Rc4 28. d5 exd5 29. e5 Ne8 (29... Nh7 {is more complex.} 30. e6 fxe6 31. Rxe6 Rb4 32. Re3 d4) 30. Nd4 Rdc8 (30... Nc7 $17 31. Ba2 Rb4) 31. Nf5 (31. Ba2 $15 Rc1 32. Ree1) 31... Rc1 $19 32. Ree1 Rxd1 33. Rxd1 {aiming for Ne7+.} Kf8 34. Ba2 Rc5 35. Rb1 Bc6 36. Nd4 Bd7 37. Rb7 Ke7 38. f4 Nc7 {White must now prevent ...Ne6.} 39. f5 {[#]} (39. Kf2 $17) 39... Nb5 $1 {[%cal Rb5d4]} 40. Nxb5 Rxb5 41. Rxb5 $2 (41. Rc7) 41... Bxb5 42. Bxd5 $17 {[%mdl 4096] Endgame KB-KB} Bd3 43. Kf2 Bb1 44. Ke3 a3 45. h4 a2 {Black mates.} 46. Bxa2 Bxa2 47. Kf4 Bb1 48. g5 h5 {Accuracy: White = 47%, Black = 78%.} 0-1

[Event "Offerspill Invitational 2020"]
[Site "Oslo"]
[Date "2020.06.10"]
[Round "1.4"]
[White "Johansson, Linus"]
[Black "Nordquelle, Daniel"]
[Result "1-0"]
[WhiteElo "2476"]
[BlackElo "2284"]
[Annotator "TA"]
[PlyCount "77"]
[EventDate "2020.06.10"]
[EventType "swiss"]
[EventCountry "NOR"]
[SourceTitle "playchess.com"]
[Source "ChessBase"]
[SourceQuality "1"]

{[%evp 13,77,39,39,22,29,31,43,25,34,44,40,27,39,0,0,0,0,0,15,8,35,0,0,-81,168,171,195,-53,-35,-177,-93,-122,0,0,77,77,193,181,257,251,243,252,463,453,434,422,710,702,690,690,793,773,2057,1862,29979,12838,29980,29981,29989,29990,29990,29991,29996,29997,29997,124]} 1. d4 d5 2. c4 e6 3. Nc3 c6 4. Nf3 dxc4 5. a4 Bb4 6. g3 b5 7. Bg2 Bb7 8. O-O {D31: Queen's Gambit Declined: Semi-Slav without ...Nf6 (+ Marshall Gambit and Noteboom) and Exchange Variation lines without ...Nf6.} (8. axb5 cxb5 9. O-O a6 $15) 8... a6 9. Ne4 Nf6 10. Nxf6+ {White is slightly better.} gxf6 {[#]} 11. e4 $146 ({Predecessor:} 11. Qc2 Nd7 12. Rd1 Qe7 13. Nd2 O-O 14. b3 cxb3 15. Qxb3 Nb6 16. Ne4 Nd5 17. Nc5 Bxc5 18. dxc5 {1-0 (68) Cheng,B (2433)-Solomon,S (2371) Melbourne 2014}) 11... Nd7 12. Bh6 Bf8 13. Bxf8 Kxf8 14. Qd2 Kg7 15. Qf4 Re8 16. Rfd1 Nb6 17. h4 Nxa4 18. Nh2 (18. Ne5 $1 $11 {keeps the balance.}) 18... Nb6 $2 (18... h5 $17 19. Qc1 c5) 19. Ng4 $18 {[%mdl 1024] White has strong compensation.} Nd7 20. e5 $2 (20. d5 $1 $18 exd5 21. exd5) 20... f5 $1 $15 {[%cal Rf5g4]} 21. Nh2 (21. Nh6 $1 $15) 21... Qe7 (21... h6 $19 22. Nf1 Qe7) 22. g4 $17 fxg4 ({Better is} 22... Qxh4 $17 {aiming for ...Rg8.} 23. Ra3 Qh6 24. Qxh6+ Kxh6 25. gxf5 exf5) 23. Nxg4 $11 Kh8 ({Much worse is} 23... Qxh4 24. Ra3 $16) (23... Rg8 $1 $11 {remains equal.} 24. Ra3 (24. Nh6 Rgf8 $17) 24... Kh8) 24. Nf6 $1 $16 {Black is on the road to losing.} Nxf6 (24... Rg8 $16 {keeps fighting.}) 25. exf6 $18 Qd7 ({Weaker is} 25... Qf8 26. Re1 $11) (25... e5 $142) 26. Kh2 $1 Rg8 {Strongly threatening ...c5!} 27. Be4 $40 {[%mdl 128] White has strong attack.} c5 $2 (27... b4) 28. dxc5 Qc8 {White must now prevent ...Bxe4.} 29. Rg1 Bxe4 (29... Rxg1 $142 30. Rxg1 Qb8 31. Qxb8+ Rxb8) 30. Rxg8+ Qxg8 31. Qxe4 {[%mdl 4096] Endgame KQR-KQR} Qb8+ {[#]} 32. Kh3 $1 Qd8 {[#]} 33. Rd1 $3 {[%cal Rd1d8][%mdl 512]} Qf8 (33... Qxd1 34. Qxa8+) 34. Rd7 (34. c6 $142 Re8 35. Rd7 Qg8 36. Qg4 Qxg4+ 37. Kxg4 Rg8+ 38. Kf4 h6 39. c7) 34... Rc8 35. c6 {White mates.} Qh6 36. Qd4 Rg8 37. Rd8 e5 38. Rxg8+ {[%mdl 64] Back Rank} Kxg8 39. Qd8+ $2 {Accuracy: White = 75%, Black = 36%.} (39. Qg4+ {mates} Kh8 40. Qc8+ {[%mdl 64] Double Attack} Qf8 41. Qxf8#) 1-0

[Event "Offerspill Invitational 2020"]
[Site "Oslo"]
[Date "2020.06.10"]
[Round "1.5"]
[White "Fossan, Aleksander"]
[Black "Holm, Kristian Stuvik"]
[Result "0-1"]
[WhiteElo "2240"]
[BlackElo "2462"]
[Annotator "TA"]
[PlyCount "82"]
[EventDate "2020.06.10"]
[EventType "swiss"]
[EventCountry "NOR"]
[SourceTitle "playchess.com"]
[Source "ChessBase"]
[SourceQuality "1"]

{[%evp 24,82,0,0,0,-7,0,-3,0,0,0,0,14,-30,-27,-41,-50,-112,-131,-112,-129,-116,-109,-127,0,-229,0,-321,-310,-311,-311,-316,-316,-315,-157,-290,-305,-332,-332,-334,-332,-352,-349,-326,-275,-303,-288,-303,-309,-294,-298,-401,-399,-391,-390,-569,-557,-658,-687,-584,-504]} 1. e4 c6 2. d4 d5 3. exd5 cxd5 4. c4 Nf6 5. Nc3 e6 6. Nf3 Be7 7. Bd3 dxc4 8. Bxc4 O-O 9. O-O Nc6 10. a3 b6 11. Re1 Bb7 12. Qd3 Rc8 13. Ba2 h6 {D40: Queen's Gambit Declined: Semi-Tarrasch with 5 e3.} 14. Be3 {[#]} Bd6 $146 ({Predecessor:} 14... Re8 15. Rad1 Bf8 16. Bf4 Ne7 17. Rxe6 Bxf3 18. Rxf6 Bxd1 19. Rxf7 Kh8 20. Qxd1 Ng6 21. Be3 Rc7 22. Qg4 Rxf7 23. Bxf7 {1-0 (23) Cori,J (2657)-Azarov,S (2556) Saint Louis 2017}) 15. Rad1 Ne7 {[%cal Bc6e7,Be7d5,Bd5c3][%mdl 32] The position is equal.} 16. Ne5 Ned5 17. Bd2 Re8 18. Qh3 Nxc3 19. bxc3 Ne4 20. Bb1 ({White should try} 20. f4 $1 $15) 20... Nxd2 $17 21. Rxd2 Bxe5 ({Resist} 21... Bxa3 22. Ra2 $15) 22. Rxe5 Qd6 23. Qd3 Qxa3 $40 {[%mdl 128] Black mounts an attack.} ({Black should play} 23... Qc6 $17 {[%csl Gb7][%cal Rc6g2]} 24. f4 (24. Qh7+ $2 Kf8 $19) 24... Qxc3) 24. Qh7+ $1 $11 {Black continues to play with concentration.} Kf8 {( -> ...Qc1+)} 25. Rde2 $2 {[%mdl 8192]} (25. Rd1 $11 {and White is okay.}) 25... Rxc3 $19 {Threatens to win with ...Rc1+.} 26. Qh8+ Ke7 27. Qxg7 {White wants to mate with Rxe6+.} Rc1+ {[%mdl 64] Double Attack} 28. Re1 Rxe1+ 29. Rxe1 {[#]} Qa5 $1 {[%cal Ra5e1]} 30. Rd1 Qg5 31. Qxg5+ hxg5 {[%mdl 4096] Endgame KRB-KRB} 32. f3 Kd6 33. Kf2 Rc8 34. Be4 Bd5 35. Rb1 f5 36. Bd3 Rc3 37. Ke2 Ra3 38. Rb2 Ra4 39. f4 (39. Rd2 {might work better.}) 39... gxf4 {Black is clearly winning.} 40. h4 Rxd4 41. h5 {[#]} f3+ $1 {Accuracy: White = 57%, Black = 89%.} 0-1

[Event "Offerspill Invitational 2020"]
[Site "Oslo"]
[Date "2020.06.10"]
[Round "1.6"]
[White "Haldorsen, Benjamin"]
[Black "Shehzad, Shazil"]
[Result "1-0"]
[WhiteElo "2458"]
[BlackElo "2205"]
[Annotator "TA"]
[PlyCount "33"]
[EventDate "2020.06.10"]
[EventType "swiss"]
[EventCountry "NOR"]
[SourceTitle "playchess.com"]
[Source "ChessBase"]
[SourceQuality "1"]

{[%evp 9,33,28,18,33,27,20,103,83,77,48,609,630,624,583,564,583,708,697,693,682,1116,1112,1106,1088,1071,1065]} 1. Nf3 d5 2. g3 c6 3. c4 Bg4 4. Ne5 Bf5 5. Qb3 Qb6 6. cxd5 {A11: English Opening: 1...c6.} Qxb3 7. axb3 {Black must now prevent Nc3.} Be4 (7... Bxb1 $1 $11 {keeps the balance.} 8. Rxb1 cxd5) 8. f3 {White is better.} Bxd5 9. Nc4 {[#] Strongly threatening Nb6!} b5 $146 {[%mdl 8192] [#] Loses the game.} (9... Na6 $14) ({Predecessor:} 9... Nd7 10. d4 Ngf6 11. Nbd2 h5 12. e4 Bxc4 13. Nxc4 e6 14. Bf4 Bb4+ 15. Kf2 O-O {½-½ (55) Shyam,N (2454)-Monnisha,G (2110) Chennai 2014}) 10. Nb6 $1 $18 {[%mdl 576] Pin. White is clearly winning.} Kd8 (10... axb6 11. Rxa8) 11. e4 Bxb3 12. Nxa8 Ba4 13. d4 Kc8 {[#]} 14. b3 $1 Bxb3 15. Rxa7 {[%cal Ba1a7,Ba7c7,Bc7c6][%mdl 32]} Nd7 16. Rc7+ Kd8 17. Rxc6 1-0

[Event "Offerspill Invitational 2020"]
[Site "Oslo"]
[Date "2020.06.10"]
[Round "1.7"]
[White "Sjoberg, Isak"]
[Black "Djurhuus, Rune"]
[Result "1-0"]
[WhiteElo "2189"]
[BlackElo "2437"]
[Annotator "TA"]
[PlyCount "85"]
[EventDate "2020.06.10"]
[EventType "swiss"]
[EventCountry "NOR"]
[SourceTitle "playchess.com"]
[Source "ChessBase"]
[SourceQuality "1"]

{[%evp 10,85,31,13,16,20,28,1,13,-23,-21,-24,22,17,16,0,0,0,59,0,4,18,81,59,87,-31,-29,-30,-10,-9,97,78,121,101,172,169,171,158,167,161,166,121,172,171,218,215,511,467,465,465,455,428,419,310,318,256,264,256,248,218,219,221,217,223,251,231,230,233,271,263,366,337,384,317,393,383,686,681]} 1. e4 e6 2. d4 d5 3. Nd2 Be7 4. Bd3 c5 5. dxc5 Nf6 6. Qe2 a5 {C03: French Tarrasch: Unusual Black 3rd moves.} 7. Ngf3 Na6 8. e5 Nd7 {The position is equal.} 9. c4 Ndxc5 10. Bb1 {[#]} Nc7 $146 ({Predecessor:} 10... b6 11. cxd5 Qxd5 12. O-O Nb4 13. Nc4 Ba6 14. b3 Rd8 15. Ba3 O-O 16. Bxb4 axb4 {0-1 (33) Pourkashiyan,A (2308)-Rychagov,A (2538) Chalkis 2010}) 11. O-O b6 12. Rd1 Ba6 13. b3 O-O {[#]} (13... dxc4 $11 14. Nxc4 Nd5) 14. Nd4 (14. Ne4 $1 $14 {[%mdl 512]}) 14... Qe8 15. N2f3 f5 (15... dxc4 $11 16. bxc4 Qa4) 16. exf6 $1 $16 Bxf6 {...dxc4 is the strong threat.} 17. Ne5 (17. Ng5 $1 $16) 17... dxc4 $15 18. bxc4 Rd8 19. Bf4 {[#]} Bb7 (19... Nd5 $1 $11 {[%mdl 512] keeps the balance.} 20. Qc2 (20. cxd5 Bxe2) 20... g6 21. cxd5 Rxd5) 20. Bc2 $40 {[%mdl 128] White wants a kill.} N7a6 21. Nb5 g6 (21... Nb4 $16) 22. Bh6 Qe7 23. Bxf8 Rxf8 24. a3 Nb8 25. Nd6 Ba8 {[#]} (25... Nc6 $16 {is a better defense.}) 26. Rab1 $1 $18 Qc7 27. f3 Nb7 $2 (27... Nc6 28. Ng4 Bg7) 28. Nxg6 hxg6 29. Qxe6+ Kh7 30. Qh3+ Kg7 31. Qg3 Qc5+ 32. Kh1 Qg5 33. Qxg5 ({Much less strong is} 33. Rxb6 $6 Qxg3 34. hxg3 Nc5 $16) 33... Bxg5 34. Nxb7 Bxb7 35. Rxb6 Bc6 {If Black can now play ...Be3 this consolidates a bit.} 36. Rd6 Bf6 37. Rdxc6 Nxc6 38. Rxc6 {KRB-KRB} Rd8 {If only Black now had time for ...Rd2....} 39. g3 Rd2 40. Be4 Ra2 41. Ra6 Rxa3 42. c5 g5 $2 (42... Rc3 43. Rxa5 Be7) 43. Ra7+ {Accuracy: White = 77%, Black = 43%.} 1-0

[Event "Offerspill Invitational 2020"]
[Site "Oslo"]
[Date "2020.06.10"]
[Round "1.8"]
[White "Haug, Johannes"]
[Black "Nilsen, Tobias Lang"]
[Result "1-0"]
[WhiteElo "2431"]
[BlackElo "2170"]
[Annotator "TA"]
[PlyCount "69"]
[EventDate "2020.06.10"]
[EventType "swiss"]
[EventCountry "NOR"]
[SourceTitle "playchess.com"]
[Source "ChessBase"]
[SourceQuality "1"]

{[%evp 20,69,58,41,59,1,12,6,26,30,35,61,97,91,114,115,117,98,101,100,115,119,118,94,83,95,100,87,93,58,60,47,60,25,22,5,6,28,93,89,106,27,33,38,87,2,147,147,243,239,806,789]} 1. Nf3 Nf6 2. c4 e6 3. g3 d5 4. Bg2 dxc4 5. Qa4+ Nbd7 6. Qxc4 a6 7. Qc2 c5 8. O-O Be7 9. d4 O-O 10. Rd1 Ra7 11. Nc3 b5 {E02: Open Catalan: 5 Qa4+.} 12. dxc5 (12. Be3 $14) 12... Bxc5 $11 13. Ng5 {[#]} Qb6 $146 {The position is equal.} ({Predecessor:} 13... Qc7 14. Qb1 h6 15. Nge4 Bb7 16. Nxc5 Nxc5 17. Bxb7 Rxb7 18. Bf4 e5 19. Be3 Ng4 {1-0 (62) Karavade,E (2374)-Burrows,M (2121) Douglas 2018}) 14. Nce4 Nxe4 15. Nxe4 Rc7 {[#] aiming for ...Bxf2+!} 16. Nxc5 Qxc5 17. Qxc5 Rxc5 18. Be3 {Strongly threatening Rxd7.} Rc2 19. Rac1 Rxc1 20. Rxc1 Nf6 21. Bc5 Re8 22. Rd1 Nd5 23. e4 Nf6 24. b4 e5 25. a3 h6 26. f3 Be6 27. Bf1 Nd7 28. Bf2 $36 {[%mdl 2048] White has good play.} Nb8 (28... Rc8 $11 {remains equal.}) 29. Rd6 $16 Rc8 30. Ba7 (30. Rb6 $16) 30... Nc6 $1 $11 {[%cal Rc6a7]} 31. Bc5 Nb8 32. f4 ({White should play} 32. Be3 $16) 32... exf4 (32... Nd7 $11) 33. gxf4 $16 Bc4 (33... Bd7 $16 {keeps fighting.} 34. Bg2 Kh7) 34. Bh3 $18 Be6 $2 {[#]} (34... Re8 35. Bg2 Be6) 35. Rxe6 {Accuracy: White = 61%, Black = 58%.} 1-0

[Event "Offerspill Invitational 2020"]
[Site "Oslo"]
[Date "2020.06.10"]
[Round "1.9"]
[White "Kvaloy, Aksel Bu"]
[Black "Pantzar, Milton"]
[Result "1-0"]
[WhiteElo "2164"]
[BlackElo "2417"]
[Annotator "TA"]
[PlyCount "61"]
[EventDate "2020.06.10"]
[EventType "swiss"]
[EventCountry "NOR"]
[SourceTitle "playchess.com"]
[Source "ChessBase"]
[SourceQuality "1"]

{[%evp 11,61,0,17,-1,0,-41,-41,-35,-29,-35,-39,-39,-37,-35,-33,-52,-40,-49,-34,-50,-47,-48,-41,-56,-64,-60,-50,-95,-74,-97,-79,-79,-77,-79,-75,-77,-83,-176,-185,-169,-177,-175,-175,-246,-256,-243,-243,-247,-262,-317,853,852]} 1. e4 e5 2. Nf3 Nc6 3. d4 exd4 4. Bc4 Nf6 5. e5 Ne4 6. Qe2 Nc5 $1 (6... Bb4+ 7. Kd1 $16) 7. c3 {[#] C56: Two Knights: 4 d4 exd4 5 0-0 Nxe4.} d3 $1 {[%mdl 512]} 8. Bxd3 (8. Qe3 {feels hotter.} Be7 9. O-O d5 10. exd6 cxd6 11. Bxd3 Nxd3 12. Qxd3 O-O 13. Bf4) 8... Nxd3+ 9. Qxd3 {Black is slightly better.} d6 10. Bf4 dxe5 11. Qxd8+ Nxd8 {[%cal Bc6d8,Bd8e6,Be6g7,Bg7f5][%mdl 32]} 12. Bxe5 Ne6 13. O-O {[#]} f6 $146 {[%mdl 2048] Black has some pressure.} ({Predecessor:} 13... Bc5 14. Nbd2 Bd7 {½-½ (14) Szokol,I (1428)-Kapatos,E (1235) LSS email 2012}) 14. Bg3 Bd7 15. Nbd2 O-O-O 16. Nb3 g5 17. Nfd4 Ng7 18. c4 Nf5 19. Rfe1 Bb4 20. Re4 Rhe8 21. Rxe8 Rxe8 22. Nxf5 Bxf5 23. c5 Bc2 24. Rc1 (24. a3 $17) 24... Bxb3 $1 $19 25. axb3 {[%mdl 4096] Endgame KRB-KRB} Re2 26. c6 {[#]} b5 $1 ({Resist} 26... Rxb2 27. cxb7+ Kxb7 28. Rxc7+ Kb6 29. h3 $17) 27. h4 (27. Rb1 {was worth a try.}) 27... Rxb2 28. hxg5 fxg5 29. Be5 Rxb3 30. Rd1 {White wants to mate with Bf6.} Bd6 $4 {[%mdl 8192]} (30... Bc3 $19 31. Rd5 b4) 31. Bf6 {What a bad dream for Black. Accuracy: White = 70%, Black = 82%.} 1-0

[Event "Offerspill Invitational 2020"]
[Site "Oslo"]
[Date "2020.06.10"]
[Round "1.10"]
[White "Nilsen, Joachim Birger"]
[Black "Tunsjo, Axel"]
[Result "1/2-1/2"]
[WhiteElo "2411"]
[BlackElo "2149"]
[Annotator "TA"]
[PlyCount "133"]
[EventDate "2020.06.10"]
[EventType "swiss"]
[EventCountry "NOR"]
[SourceTitle "playchess.com"]
[Source "ChessBase"]
[SourceQuality "1"]

{[%evp 19,133,76,112,51,54,54,50,15,62,0,190,88,84,83,106,112,116,108,108,73,147,146,139,135,212,162,181,194,190,179,192,182,190,195,200,181,176,158,237,231,226,225,253,247,263,258,292,273,308,252,258,244,258,257,254,244,367,360,375,367,367,357,322,0,357,346,359,266,418,176,273,272,255,183,168,168,189,179,364,364,343,123,123,123,123,129,134,123,113,123,133,133,441,441,441,441,4775,4775,4775,4775,1643,8,21,8,8,0,0,0,0,0,0,0,0,-8,-8,-16]} 1. d4 Nf6 2. c4 e6 3. Nc3 Bb4 4. Qc2 c5 5. dxc5 Na6 {[%cal Bb8a6,Ba6c5,Bc5e4][%mdl 32]} 6. a3 Bxc3+ 7. Qxc3 Nxc5 8. b4 Nce4 9. Qb2 d5 10. c5 h6 {[#]} 11. Bf4 $146 {E38: Nimzo-Indian: Classical: 4...c5.} (11. f3 $16) ({Predecessor:} 11. f3 Ng5 12. h4 Ngh7 13. Bf4 O-O 14. g4 a5 15. e3 axb4 16. axb4 Rxa1+ 17. Qxa1 d4 18. e4 b6 {½-½ (40) Haugen,A (2499)-Nasybullin,V (2489) ICCF email 2013}) 11... Nh5 $14 12. Be3 O-O 13. g4 {White is slightly better.} Qf6 14. O-O-O ({White should try} 14. Qxf6 $14 Nhxf6 15. f3) 14... Qxb2+ (14... e5 $1 $11 {remains equal.} 15. gxh5 d4) 15. Kxb2 $16 Nhf6 16. f3 Ng5 17. h4 Ngh7 18. g5 Nh5 19. Bh3 f5 (19... Bd7 $142) 20. gxh6 g6 21. f4 a5 (21... N7f6 $16) 22. Nf3 axb4 23. axb4 Ra4 24. Kb3 Bd7 25. Ra1 Rfa8 26. Rxa4 Bxa4+ 27. Kb2 Bb5 28. Nd4 $36 {[%mdl 2048] Keeping Black busy.} Bc4 (28... Bd7 $16 {was called for.} 29. Ra1 Rxa1 30. Kxa1 N7f6) 29. Ra1 $18 Rxa1 30. Kxa1 Nf8 31. Bg2 Ng3 32. Bf3 Nf1 33. Bc1 Nh2 34. Bg2 Ng4 35. b5 Nxh6 36. c6 bxc6 37. bxc6 Nf7 (37... Kf7 $142 38. Kb2 Ng8) 38. Ba3 Ba6 39. Kb2 Bc8 40. Nb5 Ba6 41. Nd4 Bc8 $1 42. e3 e5 43. Nb5 ({Stronger than} 43. Bxd5 exd4 44. exd4 Ne6 $11) 43... Ba6 (43... e4 $142 44. Nc3 d4) 44. Nd6 (44. Nc7 $142 Bc4 45. Nxd5) 44... Nxd6 (44... e4 $142 45. Ne8 Ne6 46. Nf6+ {[%mdl 64] Double Attack} Kg7) 45. Bxd6 {[%mdl 4096] Endgame KBB-KBN} e4 46. c7 Ne6 47. Kc3 Kf7 {intending ...Ke8.} 48. Kb4 Ke8 $2 (48... d4) 49. Ka5 Bc8 50. Kb6 $2 (50. Be5 $18 {and the rest is easy.}) 50... d4 $16 51. exd4 Nxd4 {[#]} 52. Be5 $1 {[%cal Re5d4]} Nf3 53. Bf6 Kf7 54. Bc3 Nxh4 55. Bf1 g5 $2 {[%mdl 8192]} (55... Ke7 $16 {is tougher.}) 56. Ba6 $18 Bd7 57. Kc5 Ke7 ({Avoid the trap} 57... gxf4 $2 58. Kd6) (57... Ke6 $142 58. Bf6 Nf3) 58. fxg5 f4 59. Bf6+ Ke6 60. Bc4+ $2 ({Better is} 60. c8=B $18 f3 61. Bc4+ Kf5 62. Bxd7+ Kf4 63. Kd4) 60... Kf5 $11 {The position is equal.} 61. Kd6 Bc8 62. Bb5 f3 $1 63. Bd4 {[#] Strongly threatening Bd7+.} Kxg5 64. Be3+ Kf6 {Hoping for ...Nf5+.} 65. Bd4+ Kg5 {And now ...Nf5+ would win.} 66. Ke5 Nf5 67. Kxe4 {Black defended with fortune. Accuracy: White = 70%, Black = 63%.} 1/2-1/2